Third culture kids : the experience of growing up among worlds /

Gespeichert in:
Bibliographische Detailangaben
1. Verfasser: Pollock, David C.
Weitere Verfasser: Van Reken, Ruth E. (joint author.)
Format: Buch
Sprache:Englisch
Veröffentlicht: Yarmouth, Me. : Intercultural Press, 1999.
Schlagworte:
Tags: Tag hinzufügen
Keine Tags, Fügen Sie das erste Tag hinzu!

MARC

LEADER 00000nam a22000007a 4500
003 KE-NaDUL
005 20230224130340.0
008 230224b |||||||| |||| 00| 0 eng d
020 |a 1877864722 
040 |a DUL  |c DUL  |d Dwaswala 
050 0 0 |a HQ784.P65 1999 
100 1 |a Pollock, David C.  |9 116077 
245 1 4 |a Third culture kids :  |b the experience of growing up among worlds /  |c by David C. Pollock and Ruth E. Van Reken. 
260 |a Yarmouth, Me. :  |b Intercultural Press,  |c 1999. 
300 |a xxv, 333 p. :  |b ill. ; 
504 |a Includes bibliographical references (p.319-333). 
650 0 |a Social interaction in children  |z Foreign countries.  |9 116078 
650 0 |a Social skills in children  |z Foreign countries.  |9 116079 
650 0 |a Intercultural communication  |z Foreign countries.  |9 116080 
700 1 |a Van Reken, Ruth E.,  |e joint author.  |9 116081 
942 |2 lcc  |c REF  |h HQ784  |i .P65  |m 1999  |6 HQ0784 P65 
952 |0 0  |1 0  |2 lcc  |4 0  |6 HQ0784 P65 01999  |7 1  |8 REF  |9 132792  |a CUI  |b CUI  |c CUI  |d 2023-02-24  |l 0  |o HQ784.P65 1999  |p CUI02047  |r 2023-02-24 00:00:00  |w 2023-02-24  |x 02047  |y REF 
952 |0 0  |1 0  |2 lcc  |4 0  |6 HQ0784 P65 01999  |7 1  |8 REF  |9 140895  |a CUI  |b CUI  |c CUI  |d 2023-10-20  |l 0  |o HQ784.P65 1999  |p CUI09282  |r 2023-10-20 12:41:10  |w 2023-02-24  |x 09282  |y REF 
999 |c 217366  |d 217365